| 000 -LEADER |
| fixed length control field |
00523cam a22001694a 4500 |
| 020 ## - INTERNATIONAL STANDARD BOOK NUMBER |
| ISBN |
1559639830 (cloth : alk. paper) |
| 020 ## - INTERNATIONAL STANDARD BOOK NUMBER |
| ISBN |
1559639849 (pbk. : alk. paper) |
| 040 ## - CATALOGING SOURCE |
| Transcribing agency |
DLC |
| 082 00 - DEWEY DECIMAL CLASSIFICATION NUMBER |
| Classification number |
333 ISI 2003 C156 Or. |
| 100 1# - MAIN ENTRY--AUTHOR NAME |
| Personal name |
Baker, Mark, |
| 245 10 - TITLE STATEMENT |
| Title |
Community forestry in the United States : |
| Remainder of title |
learning from the past, crafting the future / |
| 260 ## - PUBLICATION, DISTRIBUTION, ETC. (IMPRINT) |
| Place of publication |
Washington, DC : |
| Name of publisher |
Island Press, |
| Year of publication |
c2003 |
| 300 ## - PHYSICAL DESCRIPTION |
| Number of Pages |
xii, 247 p. ; |
| Dimensions |
24 cm |
| 650 #0 - SUBJECT ADDED ENTRY--TOPICAL TERM |
| Topical Term |
Community forestry |
| 700 1# - ADDED ENTRY--PERSONAL NAME |
| Personal name |
Kusel, Jonathan |
| 942 ## - ADDED ENTRY ELEMENTS (KOHA) |
| Koha item type |
ADB |
| 952 ## - LOCATION AND ITEM INFORMATION (KOHA) |
| Withdrawn status [LOCAL, KOHA] |
0 |